| 000 | 00592nam a2200241Ia 4500 | ||
|---|---|---|---|
| 003 | OSt | ||
| 005 | 20220918185329.0 | ||
| 006 | a|||||r|||| 00| 0 | ||
| 007 | ta | ||
| 008 | 220917b |||||||| |||| 00| 0 eng d | ||
| 024 | _a50,670 | ||
| 037 | _cTextual | ||
| 040 |
_aARTS _cARTS _beng |
||
| 041 |
_2eng _aeng |
||
| 082 | _aP111, J, M4 | ||
| 100 |
_aPlatt J _968694 |
||
| 245 | 0 | _aNew English | |
| 260 |
_aLondon _bRoutledge _c1984 |
||
| 300 |
_aviii, 225p. _ccm. |
||
| 650 | _aLINGUISTICS | ||
| 942 |
_hP111, J, M4 _cTEXL _2CC |
||
| 999 |
_c180266 _d180266 |
||